Lyon–Saint-Exupéry Airport Destinations (Lyon, France) - Map - Statistics

General Stats
  • This quiz has been taken 38 times
  • The average score is 96 of 142
Answers on the Map
Answers color-coded by a green-red scale on the quiz's map according to % correct below.
 
Answer Stats
Destination % Correct
Porto
100%
Dublin
96%
Madrid
96%
Marseille
96%
Milan (Malpensa)
96%
Oslo
96%
Paris (Charles de Gaulle)
96%
Athens
93%
Belfast (International)
93%
Berlin
93%
Frankfurt
93%
Lisbon
93%
London (Gatwick)
93%
London (Heathrow)
93%
London (Luton)
93%
Naples
93%
Rome (Fiumicino)
93%
Stockholm (Arlanda)
93%
Algiers
89%
Barcelona
89%
Cairo
89%
Copenhagen
89%
Dubai (Al Maktoum)
89%
Dubai (International)
89%
Edinburgh
89%
Geneva
89%
Istanbul
89%
Istanbul (Sabiha Gökçen)
89%
Tel Aviv
89%
Toulouse
89%
Tunis
89%
Venice
89%
Addis Ababa
85%
Bordeaux
85%
Brussels
85%
Budapest
85%
Cork
85%
Liverpool
85%
Manchester
85%
Munich
85%
Nice
85%
Prague
85%
Rabat
85%
Vienna
85%
Warsaw (Chopin)
85%
Amsterdam
81%
Beirut
81%
Bologna
81%
Casablanca
81%
Faro
81%
Montréal (Trudeau)
81%
Palermo
81%
Sofia
81%
Bucharest (Otopeni)
78%
Hamburg
78%
Ibiza
78%
Kraków
78%
Nantes
78%
Strasbourg
78%
Amman (Queen Alia)
74%
Belgrade
74%
Brest
74%
Bristol
74%
Florence
74%
İzmir
74%
Jeddah
74%
Lille
74%
Málaga
74%
Malta
74%
Seville
74%
Tirana
74%
Bari
70%
Dakar (Diass)
70%
Palma de Mallorca
70%
Rhodes
70%
Skopje
70%
Split
70%
Yerevan
70%
Ajaccio
67%
Antalya
67%
Düsseldorf
67%
Fès
67%
Marrakech
67%
Medina
67%
Valencia
67%
Billund
63%
Dubrovnik
63%
Heraklion
63%
Tangier
63%
Tenerife (South)
63%
Agadir
59%
Alicante
59%
Chișinău
59%
Corfu
59%
Funchal
59%
Gran Canaria
59%
Luxor
59%
Paphos
59%
Santorini
59%
Biarritz
56%
Cagliari
56%
Catania
56%
Cluj-Napoca
56%
Kos
56%
Menorca
56%
Pristina
56%
Rennes
56%
Chania
52%
Pau
52%
Podgorica
52%
Sal
52%
Bastia
48%
Fuerteventura
48%
Hurghada
48%
La Rochelle
48%
Rovaniemi
48%
Bournemouth
44%
Lanzarote
44%
Oran
44%
Praia
44%
Brindisi
41%
Constantine
41%
Djerba
41%
Olbia
41%
Limoges
37%
Caen
33%
Kutaisi
33%
Calvi
30%
Kayseri
30%
Poitiers
30%
Salerno
30%
Essaouira
26%
Figari
26%
Oujda
26%
Tlemcen
26%
Annaba
22%
Batna
22%
Béjaïa
22%
Monastir
22%
Biskra
19%
Sétif
19%
Saint-Denis de la Réunion
15%
No matching quizzes found
Score Distribution
Percent of People with Each Score
Percentile by Number Answered
Your Score History
You have not taken this quiz